000 01045nam a2200121Ia 4500
008 220615s9999||||xx |||||||||||||| ||und||
100 _aAdams, William M.||Johnson, Evan C.
245 0 _aWater Intake, Body Water Regulation and Health
546 _aEnglish[eng]
650 _an/a||modeling||adaptation||pollution||perception||heat stress||assessment||body composition||polydipsia||environmental stressors||deuterium||children||water-electrolyte balance||dehydration||big data||obesity||climate change||hydration factor and Hispanic Americans||water||thermoregulation||rehydration||fluid replacement||hydration||chronic disease||acute kidney injury||chronic kidney disease||blood pressure regulation||exercise||electrolytes||euhydration||database||water intake||drinking water||vascular function||skin blood flow||sympathetic nervous system||oral rehydration therapy||water restriction||ultraviolet radiation||hyponatremia||DNA||NHANES||aging||sweating||hypohydration||body water
856 _uhttps://mdpi.com/books/pdfview/book/2194
942 _cEB
999 _c9198
_d9198